Random Name a Valid Bordering Country - Statistics

General Stats
  • This quiz has been taken 75,891 times
    75,821 since last reset
  • The average score is 19 of 20
Answer Stats
Country Neighbour(s) % Correct
Ukraine Belarus | Hungary | Moldova | Poland | Romania | Russia | Slovakia
99%
North Korea China | Russia | South Korea
99%
France Andorra | Belgium | Brazil | Germany | Italy | Luxembourg | Monaco | Spain | Suriname | Switzerland
99%
Canada United States
99%
Iran Afghanistan | Armenia | Azerbaijan | Iraq | Pakistan | Turkey | Turkmenistan
98%
Pakistan Afghanistan | China | India | Iran
98%
Spain Andorra | France | Morocco | Portugal
98%
Chile Argentina | Bolivia | Peru
98%
Switzerland Austria | France | Germany | Italy | Liechtenstein
98%
Italy Austria | France | San Marino | Slovenia | Switzerland | Vatican City
98%
India Bangladesh | Bhutan | China | Myanmar | Nepal | Pakistan
98%
Poland Belarus | Czech Republic | Germany | Lithuania | Russia | Slovakia | Ukraine
98%
Netherlands Belgium | Germany
98%
Mexico Belize | Guatemala | United States
98%
Peru Bolivia | Brazil | Chile | Colombia | Ecuador
98%
Argentina Bolivia | Brazil | Chile | Paraguay | Uruguay
98%
Colombia Brazil | Ecuador | Panama | Peru | Venezuela
98%
United States Canada | Mexico
98%
China Afghanistan | Bhutan | India | Kazakhstan | Kyrgyzstan | Laos | Mongolia | Myanmar | Nepal | North Korea | Pakistan | Russia | Tajikistan | Vietnam
98%
Brazil Argentina | Bolivia | Colombia | France | Guyana | Paraguay | Peru | Suriname | Uruguay | Venezuela
98%
Germany Austria | Belgium | Czech Republic | Denmark | France | Luxembourg | Netherlands | Poland | Switzerland
98%
Russia Azerbaijan | Belarus | China | Estonia | Finland | Georgia | Kazakhstan | Latvia | Lithuania | Mongolia | North Korea | Norway | Poland | Ukraine
98%
Austria Czech Republic | Germany | Hungary | Italy | Liechtenstein | Slovenia | Slovakia | Switzerland
98%
Sweden Finland | Norway
98%
Norway Finland | Russia | Sweden
98%
Belgium France | Germany | Luxembourg | Netherlands
98%
Iraq Iran | Jordan | Kuwait | Saudi Arabia | Syria | Turkey
98%
Saudi Arabia Iraq | Jordan | Kuwait | Oman | Qatar | United Arab Emirates | Yemen
98%
United Kingdom Ireland
98%
Vatican City Italy
98%
South Korea North Korea
98%
Finland Norway | Russia | Sweden
98%
Portugal Spain
98%
Ireland United Kingdom
98%
Niger Algeria | Benin | Burkina Faso | Chad | Libya | Mali | Nigeria
97%
Paraguay Argentina | Bolivia | Brazil
97%
Uruguay Argentina | Brazil
97%
Turkey Armenia | Azerbaijan | Bulgaria | Georgia | Greece | Iran | Iraq | Syria
97%
Czech Republic Austria | Germany | Poland | Slovakia
97%
Lithuania Belarus | Latvia | Poland | Russia
97%
Luxembourg Belgium | France | Germany
97%
Venezuela Brazil | Colombia | Guyana
97%
Vietnam Cambodia | China | Laos
97%
South Sudan Central African Republic | D. R. Congo | Ethiopia | Kenya | Sudan | Uganda
97%
Nepal China | India
97%
Afghanistan China | Iran | Pakistan | Tajikistan | Turkmenistan | Uzbekistan
97%
Kazakhstan China | Kyrgyzstan | Russia | Turkmenistan | Uzbekistan
97%
Mongolia China | Russia
97%
Sudan Central African Republic | Chad | Egypt | Eritrea | Ethiopia | Libya | South Sudan
97%
Israel Egypt | Jordan | Lebanon | Syria
97%
Bangladesh India | Myanmar
97%
Belarus Latvia | Lithuania | Poland | Russia | Ukraine
97%
Oman Saudi Arabia | United Arab Emirates | Yemen
97%
Uzbekistan Afghanistan | Kazakhstan | Kyrgyzstan | Tajikistan | Turkmenistan
96%
Greece Albania | Bulgaria | North Macedonia | Turkey
96%
Morocco Algeria | Mauritania | Spain
96%
Bolivia Argentina | Brazil | Chile | Paraguay | Peru
96%
Hungary Austria | Croatia | Romania | Serbia | Slovakia | Slovenia | Ukraine
96%
Latvia Belarus | Estonia | Lithuania | Russia
96%
Nigeria Benin | Cameroon | Chad | Niger
96%
Croatia Bosnia and Herzegovina | Hungary | Montenegro | Serbia | Slovenia
96%
South Africa Botswana | Eswatini | Lesotho | Mozambique | Namibia | Zimbabwe
96%
Romania Bulgaria | Hungary | Moldova | Serbia | Ukraine
96%
Laos Cambodia | China | Myanmar | Thailand | Vietnam
96%
Thailand Cambodia | Laos | Malaysia | Myanmar
96%
Kyrgyzstan China | Kazakhstan | Tajikistan | Uzbekistan
96%
Serbia Bosnia and Herzegovina | Bulgaria | Croatia | Hungary | Kosovo | Montenegro | North Macedonia | Romania
96%
Central African Republic Cameroon | Chad | D. R. Congo | Rep. of the Congo | South Sudan | Sudan
96%
Syria Iraq | Israel | Jordan | Lebanon | Turkey
96%
Jordan Iraq | Israel | Saudi Arabia | Syria
96%
Egypt Israel | Libya | Sudan
96%
San Marino Italy
96%
Estonia Latvia | Russia
96%
Algeria Libya | Mali | Mauritania | Morocco | Niger | Tunisia
96%
United Arab Emirates Oman | Saudi Arabia
96%
Yemen Oman | Saudi Arabia
96%
Turkmenistan Afghanistan | Iran | Kazakhstan | Uzbekistan
95%
North Macedonia Albania | Bulgaria | Greece | Kosovo | Serbia
95%
Libya Algeria | Chad | Egypt | Niger | Sudan | Tunisia
95%
Georgia Armenia | Azerbaijan | Russia | Turkey
95%
Slovakia Austria | Czech Republic | Hungary | Poland | Ukraine
95%
Zimbabwe Botswana | Mozambique | South Africa | Zambia
95%
Malaysia Brunei | Indonesia | Thailand
95%
Ecuador Colombia | Peru
95%
Bosnia and Herzegovina Croatia | Montenegro | Serbia
95%
D. R. Congo Angola | Burundi | Central African Republic | Rep. of the Congo | Rwanda | South Sudan | Tanzania | Uganda | Zambia
95%
Ethiopia Djibouti | Eritrea | Kenya | Somalia | South Sudan | Sudan
95%
Indonesia East Timor | Malaysia | Papua New Guinea
95%
Monaco France
95%
Andorra France | Spain
95%
Denmark Germany
95%
Bulgaria Greece | North Macedonia | Romania | Serbia | Turkey
95%
Cambodia Laos | Thailand | Vietnam
95%
Qatar Saudi Arabia
95%
Tajikistan Afghanistan | China | Kyrgyzstan | Uzbekistan
94%
Montenegro Albania | Bosnia and Herzegovina | Croatia | Kosovo | Serbia
94%
Kosovo Albania | Montenegro | North Macedonia | Serbia
94%
Tunisia Algeria | Libya
94%
Rep. of the Congo Angola | Cameroon | Central African Republic | D. R. Congo | Gabon
94%
Azerbaijan Armenia | Georgia | Iran | Russia | Turkey
94%
Slovenia Austria | Croatia | Hungary | Italy
94%
Guatemala Belize | El Salvador | Honduras | Mexico
94%
Chad Cameroon | Central African Republic | Libya | Niger | Nigeria | Sudan
94%
Albania Greece | Kosovo | Montenegro | North Macedonia
94%
Lebanon Israel | Syria
94%
Liechtenstein Austria | Switzerland
93%
Armenia Azerbaijan | Georgia | Iran | Turkey
93%
Suriname Brazil | France | Guyana
93%
Bhutan China | India
93%
Panama Colombia | Costa Rica
93%
Zambia Angola | Botswana | D. R. Congo | Malawi | Mozambique | Namibia | Tanzania | Zimbabwe
93%
Somalia Djibouti | Ethiopia | Kenya
93%
Honduras El Salvador | Guatemala | Nicaragua
93%
Kenya Ethiopia | Somalia | South Sudan | Tanzania | Uganda
93%
Kuwait Iraq | Saudi Arabia
93%
Costa Rica Nicaragua | Panama
93%
Lesotho South Africa
93%
Mali Algeria | Burkina Faso | Guinea | Ivory Coast | Mauritania | Niger | Senegal
92%
Guyana Brazil | Suriname | Venezuela
92%
Nicaragua Costa Rica | Honduras
92%
Tanzania Burundi | D. R. Congo | Kenya | Malawi | Mozambique | Rwanda | Uganda | Zambia
92%
Haiti Dominican Republic
92%
Uganda D. R. Congo | Kenya | Rwanda | South Sudan | Tanzania
92%
Mozambique Eswatini | Malawi | South Africa | Tanzania | Zambia | Zimbabwe
92%
El Salvador Guatemala | Honduras
92%
Dominican Republic Haiti
92%
Moldova Romania | Ukraine
92%
Namibia Angola | Botswana | South Africa | Zambia
91%
Rwanda Burundi | D. R. Congo | Tanzania | Uganda
91%
Papua New Guinea Indonesia
91%
Botswana Namibia | South Africa | Zambia | Zimbabwe
91%
Ivory Coast Burkina Faso | Ghana | Guinea | Liberia | Mali
90%
Cameroon Central African Republic | Chad | Equatorial Guinea | Gabon | Nigeria | Rep. of the Congo
90%
Eritrea Djibouti | Ethiopia | Sudan
90%
Djibouti Eritrea | Ethiopia | Somalia
90%
Burkina Faso Benin | Ghana | Ivory Coast | Mali | Niger | Togo
89%
Angola D. R. Congo | Namibia | Rep. of the Congo | Zambia
89%
Eswatini Mozambique | South Africa
89%
Mauritania Algeria | Mali | Morocco | Senegal
88%
Belize Guatemala | Mexico
88%
East Timor Indonesia
88%
Benin Burkina Faso | Niger | Nigeria | Togo
87%
Senegal Gambia | Guinea | Guinea-Bissau | Mali | Mauritania
87%
Guinea Guinea-Bissau | Ivory Coast | Liberia | Mali | Senegal | Sierra Leone
87%
Togo Benin | Burkina Faso | Ghana
86%
Ghana Burkina Faso | Ivory Coast | Togo
86%
Guinea-Bissau Guinea | Senegal
86%
Burundi D. R. Congo | Rwanda | Tanzania
84%
Liberia Guinea | Ivory Coast | Sierra Leone
84%
Gabon Cameroon | Equatorial Guinea | Rep. of the Congo
83%
Sierra Leone Guinea | Liberia
82%
Brunei Malaysia
82%
Malawi Mozambique | Tanzania | Zambia
82%
Gambia Senegal
82%
Equatorial Guinea Cameroon | Gabon
80%
No matching quizzes found
Score Distribution
Percent of People with Each Score
Percentile by Number Answered
Your Score History
You have not taken this quiz since the last reset